[Event "Maastricht Limburg op-B 8th"]
[Site "Maastricht"]
[Date "2014.06.07"]
[Round "3"]
[White "Laan, Jorick"]
[Black "Been, Klaas"]
[Result "1/2-1/2"]
[WhiteElo "1776"]
[BlackElo "1799"]
[PlyCount "99"]
[EventDate "2014.06.06"]
[EventType "swiss"]
[EventRounds "7"]
[EventCountry "NED"]
[SourceTitle "EXT 2015"]
[Source "ChessBase"]
[SourceDate "2014.11.20"]
[SourceVersion "1"]
[SourceVersionDate "2014.11.20"]
[SourceQuality "1"]

1. d4 d5 2. c4 e6 3. Nc3 Nf6 4. Bg5 Be7 5. Nf3 Nbd7 6. e3 c6 7. c5 0-0 8. b4 Re8 9. Ne5 Nxe5 10. dxe5 Nd7 11. Bxe7 Qxe7 12. Qd4 f6 13. exf6 Nxf6 14. Qe5 Ng4 15. Qg3 e5 16. Be2 Nf6 17. 0-0 e4 18. Rfd1 Qe5 19. Qxe5 Rxe5 20. b5 Bd7 21. a4 Rae8 22. Rab1 Rg5 23. a5 Rc8 24. Rdc1 Re5 25. a6 bxa6 26. bxa6 Ra8 27. Rb7 Ree8 28. Rcb1 Rec8 29. Na4 Be6 30. Re7 Re8 31. Rc7 Rec8 32. Rbb7 Rxc7 33. Rxc7 Ne8 34. Re7 Bf5 35. Nb6 Kf8 36. Rb7 axb6 37. cxb6 Bc8 38. Rd7 Bxa6 39. b7 Bxb7 40. Rxb7 Ra1+ 41. Bf1 Nf6 42. g3 Rc1 43. Kg2 Rc2 44. h3 h5 45. Rc7 Rc5 46. Ba6 Ne8 47. Rd7 Nf6 48. Rc7 Ne8 49. Rd7 Nf6 50. Rc7 1/2-1/2

[Event "NED-ch U17"]
[Site "Haarlem"]
[Date "2012.05.01"]
[Round "4"]
[White "Laan, Jorick"]
[Black "Dijkstra, Hidde"]
[Result "1-0"]
[WhiteElo "1832"]
[BlackElo "1573"]
[PlyCount "91"]
[EventDate "2012.04.28"]
[EventType "swiss"]
[EventRounds "9"]
[EventCountry "NED"]
[SourceTitle "EXT 2013"]
[Source "ChessBase"]
[SourceDate "2012.11.22"]
[SourceVersion "1"]
[SourceVersionDate "2012.11.22"]
[SourceQuality "1"]

1. c4 e6 2. Nc3 d5 3. d4 Nf6 4. Bg5 Be7 5. Nf3 h6 6. Bf4 Bd6 7. Ne5 Nbd7 8. Qd2 Nh5 9. cxd5 Nxf4 10. Qxf4 f6 11. dxe6 Nxe5 12. dxe5 Bxe5 13. Qf5 Bxc3+ 14. bxc3 Qe7 15. Qg6+ Kf8 16. g3 Bxe6 17. Bg2 Rb8 18. 0-0 b6 19. Rad1 Rd8 20. Rd4 c5 21. Rxd8+ Qxd8 22. Qe4 Kf7 23. Bf3 g6 24. h4 h5 25. Qa4 Qe7 26. Rd1 Rc8 27. Rd3 Rc7 28. Bc6 c4 29. Rd4 Kg7 30. e4 Qc5 31. Bb5 a5 32. Bd7 Qe7 33. Bc6 Qc5 34. Bd5 Bd7 35. Qxc4 Qxc4 36. Rxc4 Rxc4 37. Bxc4 Kf8 38. f4 Ke7 39. Kf2 Be8 40. Ke3 Kd6 41. Kd4 Ke7 42. a3 Kd6 43. e5+ fxe5+ 44. fxe5+ Kc6 45. Bg8 Kb5 46. e6 1-0

[Event "NED-ch U17"]
[Site "Haarlem"]
[Date "2012.04.29"]
[Round "2"]
[White "Mullink, Jochem"]
[Black "Laan, Jorick"]
[Result "0-1"]
[WhiteElo "1610"]
[BlackElo "1832"]
[PlyCount "58"]
[EventDate "2012.04.28"]
[EventType "swiss"]
[EventRounds "9"]
[EventCountry "NED"]
[SourceTitle "EXT 2013"]
[Source "ChessBase"]
[SourceDate "2012.11.22"]
[SourceVersion "1"]
[SourceVersionDate "2012.11.22"]
[SourceQuality "1"]

1. e4 e6 2. d4 d5 3. Nd2 Nf6 4. e5 Nfd7 5. f4 c5 6. c3 Nc6 7. Ndf3 Qb6 8. a3 a5 9. Ne2 Be7 10. f5 f6 11. Nf4 Ndxe5 12. Nxe5 fxe5 13. Qh5+ Kd8 14. Ng6 Re8 15. Nxe7 Nxe7 16. Be2 cxd4 17. a4 Rf8 18. Bb5 dxc3 19. bxc3 Bd7 20. f6 Rxf6 21. Bg5 Qf2+ 22. Kd1 Qb2 23. Rc1 Bxb5 24. axb5 Rf2 25. Be3 Rxg2 26. Qf3 Nf5 27. Rf1 Kd7 28. Bf2 Rxh2 29. c4 Rc8 0-1

[Event "NED-ch U13"]
[Site "Rijswijk"]
[Date "2008.05.02"]
[Round "5"]
[White "Looijer, Dave"]
[Black "Laan, Jorick"]
[Result "0-1"]
[WhiteElo "1318"]
[BlackElo "1435"]
[PlyCount "56"]
[EventDate "2008.05.01"]
[EventType "swiss"]
[EventRounds "9"]
[EventCountry "NED"]
[SourceTitle "EXT 2010"]
[Source "ChessBase"]
[SourceDate "2010.11.25"]
[SourceVersion "1"]
[SourceVersionDate "2010.11.25"]
[SourceQuality "1"]

1. e4 e6 2. d4 d5 3. Nd2 c5 4. c3 Nc6 5. Ngf3 Qb6 6. Qb3 Bd7 7. Qxb6 axb6 8. Bd3 Be7 9. 0-0 c4 10. Bc2 b5 11. e5 b4 12. a4 b3 13. Bd1 f6 14. Re1 b5 15. a5 Rxa5 16. Rxa5 Nxa5 17. Nf1 Nc6 18. Ng3 f5 19. Bf4 h6 20. Be2 Bc8 21. Ra1 Bb7 22. Kh1 g5 23. Bd2 Kf7 24. Kg1 Kg6 25. Kh1 g4 26. Ng1 h5 27. h3 Bg5 28. Be3 f4 0-1